000 00301 a2200109 4500
020 _a3527298290
040 _aDLC
_bDLC
082 _a808.06654
245 0 4 _aThe art of scientific writing: from student reports to professional
_cEbel, Hans F.
260 _bJohn Wiley
_c2001.
942 _cBK
_k808.06654 EBE
_2ddc
999 _c4882
_d4882